The manner of giving : Strategic aid and Japanese foreign policy
Guardat en:
| Autor principal: | |
|---|---|
| Format: | Llibre |
| Idioma: | Undetermined |
| Publicat: |
Lexington, Mass.
Lexington Books
1986
|
| Matèries: | |
| Etiquetes: |
Afegir etiqueta
Sense etiquetes, Sigues el primer a etiquetar aquest registre!
|
| Thư viện lưu trữ: | Trung tâm Học liệu Trường Đại học Cần Thơ |
|---|
| LEADER | 00590nam a2200205Ia 4500 | ||
|---|---|---|---|
| 001 | CTU_107839 | ||
| 008 | 210402s9999 xx 000 0 und d | ||
| 082 | |a 338.9152 | ||
| 082 | |b Y29 | ||
| 100 | |a Yasutomo, Dennis T. | ||
| 245 | 4 | |a The manner of giving : | |
| 245 | 0 | |b Strategic aid and Japanese foreign policy | |
| 245 | 0 | |c Dennis T. Yasutomo | |
| 260 | |a Lexington, Mass. | ||
| 260 | |b Lexington Books | ||
| 260 | |c 1986 | ||
| 650 | |a Economic assistance, japanese | ||
| 650 | |x Developing countries | ||
| 904 | |i M.Loan | ||
| 980 | |a Trung tâm Học liệu Trường Đại học Cần Thơ | ||